| 000 | 03582cam a2200697 4500 | ||
|---|---|---|---|
| 001 | 39221122X | ||
| 003 | DE-627 | ||
| 005 | 20231019090943.0 | ||
| 007 | tu | ||
| 008 | 040816s2012 gw ||||| 00| ||ger c | ||
| 010 | _a 2012510804 | ||
| 020 | _a3931836320 | ||
| 020 |
_a9783931836320 _ckart. : EUR 25.00 |
||
| 035 | _a(DE-627)39221122X | ||
| 035 | _a(DE-576)088966682 | ||
| 035 | _a(DE-599)GBV39221122X | ||
| 035 | _a(OCoLC)249386853 | ||
| 035 | _a(OCoLC)313727928 | ||
| 035 | _a(OCoLC)1078712859 | ||
| 040 |
_aDE-627 _bger _cDE-627 _erakwb _dDE-2950 |
||
| 041 | _ager | ||
| 044 | _cXA-DE | ||
| 050 | 0 | _aNA5586.B42 | |
| 082 | 0 | 4 |
_a720 _a230 _qDNB |
| 084 |
_a9,10 _2ssgn |
||
| 084 |
_aLK 78999 _qBVB _2rvk _0(DE-625)rvk/98227: |
||
| 084 |
_aLK 79580 _qBVB _2rvk _0(DE-625)rvk/98283:154 |
||
| 084 |
_a21.70 _2bkl |
||
| 084 |
_a21.75 _2bkl |
||
| 245 | 1 | 0 |
_aBürgerstolz und Seelenheil: _bGeschichte, Architektur und Ausstattung der Beeskower Marienkirche / _cEkkehard Krüger; Dirk Schumann (Hg.) |
| 246 | 1 |
_iNebent. _aBeeskower Marienkirche |
|
| 250 | _a1. Aufl., Erstausg. | ||
| 264 | 1 |
_aBerlin: _bLukas-Verl., _c2012. |
|
| 300 |
_a350 S.: _bzahlr. Ill., Kt. |
||
| 336 |
_aText _btxt _2rdacontent |
||
| 337 |
_aohne Hilfsmittel zu benutzen _bn _2rdamedia |
||
| 338 |
_aBand _bnc _2rdacarrier |
||
| 490 | 1 |
_aStudien zur Backsteinarchitektur; _vBd. 5 |
|
| 520 | _a"'Es ist eine der schönsten Kirchen in der Mark.' Was schon Theodor Fontane an der Beeskower Liebfrauenkirche schätzte, wird jetzt, im Zuge der Wiederherstellung des 1945 zerstörten Baus, endlich wieder erkennbar. Die derzeit einzige Monographie will helfen, ihre Eigenarten und teilweise verborgenen Details neu zu entdecken. Ausgewiesene Historiker, Bauforscher, Restauratoren und Kunsthistoriker berücksichtigen in ihren Aufsätzen die jüngsten Erkenntnisse zur Geschichte und Bedeutung der Marienkirche. Den Ausgangspunkt bilden Untersuchungen zu den territorialhistorischen Bedingungen und frömmigkeitsgeschichtlichen Grundlagen. Im Zentrum steht indes die Geschichte des Bauwerkes selbst von der Errichtung um 1400 bis hin zu den Bemühungen um seine Wiederherstellung, die im 19. Jahrhundert begannen und bis in die Gegenwart reichen. Schliesslich folgen Beiträge zur Ausstattungsgeschichte, darunter zu den Grossteils verlorenen Inventarstücken wie den Grabplatten, dem Hauptaltarretabel, der Kanzel sowie den Orgeln"--Back cover summary | ||
| 610 | 1 | 0 | _aSankt Marienkirche (Beeskow, Germany) |
| 650 | 0 |
_aLutheran church buildings _zGermany _zBeeskow |
|
| 650 | 0 |
_aChurch architecture _zGermany _zBeeskow |
|
| 650 | 0 |
_aBrick churches _zGermany _zBeeskow |
|
| 650 | 0 |
_aHall churches _zGermany _zBeeskow |
|
| 650 | 0 |
_aArchitecture, Gothic _zGermany _zBeeskow |
|
| 650 | 0 |
_aChurch decoration and ornament _zGermany _zBeeskow |
|
| 650 | 0 |
_aChristian art and symbolism _zGermany _zBeeskow |
|
| 651 | 0 |
_aBeeskow (Germany) _xChurch history |
|
| 651 | 0 |
_aBeeskow (Germany) _xBuildings, structures, etc |
|
| 655 | 7 |
_aAufsatzsammlung _0(DE-588)4143413-4 _0(DE-627)105605727 _0(DE-576)209726091 _2gnd-content |
|
| 700 | 1 |
_aKrüger, Ekkehard _eHrsg. _0(DE-627)1231841656 _0(DE-576)161841651 _4edt |
|
| 700 | 1 |
_aSchumann, Dirk _4oth |
|
| 830 | 0 |
_aStudien zur Backsteinarchitektur _v5 _95 _w(DE-627)37411708X _w(DE-576)062603043 _w(DE-600)2128087-3 _7ns |
|
| 856 | 4 | 2 |
_uhttp://d-nb.info/1027638619/04 _mB:DE-101 _qapplication/pdf _v2013-05-01 _3Inhaltsverzeichnis |
| 936 | r | v | _aLK 78999 |
| 936 | r | v | _aLK 79580 |
| 936 | b | k | _a21.70 |
| 936 | b | k | _a21.75 |
| 942 |
_2z _cB |
||
| 951 | _aBO | ||
| 999 |
_c372784 _d372784 |
||